00538cam a22002291 4500001001300000003000400013005001700017008004100034010001700075025001900092035002000111040002100131042001200152050001900164100002400183245001900207260001100226300001900237500001600256500001900272999001700291sa 64003374 DLC20260227112017.0940426s1961 ii 000 1 kanr  asa 64003374  aPL480:I-Kan-43 a(OCoLC)30334212 aDLCcCUdCUdDLC apremarc00aPL4659.S55bH31 aShyam, V. R., 1903-10aHattu rà„tri. c[1961] a160 p.c18 cm. aIn Kannada. aShort stories. c57877d57877